Théorie des séries
সংরক্ষণ করুন:
| প্রধান লেখক: | , |
|---|---|
| বিন্যাস: | গ্রন্থ |
| ভাষা: | ফরাসি |
| প্রকাশিত: |
París
Cedic
1979
|
| বিষয়গুলি: | |
| ট্যাগগুলো: |
ট্যাগ যুক্ত করুন
কোনো ট্যাগ নেই, প্রথমজন হিসাবে ট্যাগ করুন!
|
MARC
| LEADER | 00000nam a2200000 a 4500 | ||
|---|---|---|---|
| 001 | UCP0617 | ||
| 003 | CL-VaPUC | ||
| 008 | 990313e19790000FR |||||||||||||||||fre|d | ||
| 082 | 0 | 4 | |a 515.7 |b CHE |2 21 |
| 100 | 0 | |a Chevallard, Yves |e author |9 426016 | |
| 700 | 0 | |a Rolland, R |e author |9 426017 | |
| 245 | 1 | 0 | |a Théorie des séries |
| 300 | |a 2 v | ||
| 942 | |c BK | ||
| 945 | |d 19990313 00:00:00 |a crobeson | ||
| 260 | |a París |b Cedic |c 1979 | ||
| 500 | |a v.1: Séries numériques | ||
| 500 | |a v.2: Séries entières | ||
| 650 | 0 | |a Series (Matemáticas) |9 260245 | |
| 650 | 0 | |a Series numéricas |9 423265 | |
| 650 | 0 | |a Análisis matemático |9 260146 | |
| 650 | 7 | |a PROGRESION ARITMETICA |2 CL-VaPUC |9 426018 | |
| 650 | 7 | |a PROGRESION GEOMETRICA |2 CL-VaPUC |9 426019 | |
| 650 | 7 | |a SERIES CONVERGENTES |2 CL-VaPUC |9 369774 | |
| 650 | 0 | |a Series de potencia |9 425013 | |
| 650 | 7 | |a SERIES DIVERGENTES |2 CL-VaPUC |9 270734 | |
| 650 | 0 | |a Análisis de Fourier |9 260464 | |
| 650 | 7 | |a SECUENCIAS MATEMATICAS |2 CL-VaPUC |9 338129 | |
| 583 | |a last modification |c 20140410 08:42:33 |k Rodrigo Vera | ||
| 999 | |c 279380 |d 279378 | ||
| 952 | |0 0 |1 0 |4 0 |6 515_700000000000000_CHE_1979 |7 0 |8 A |9 318504 |a BIBMAT |b BIBMAT |d 2019-11-20 |h v.2 |i 1324918 |o 515.7 CHE 1979 |p 1324918 |r 2025-01-07 |w 2019-11-20 |y BK |k MAT | ||
| 952 | |0 0 |1 0 |4 0 |6 515_700000000000000_CHE_1979 |7 0 |8 A |9 318505 |a BIBMAT |b BIBMAT |d 2019-11-20 |h v.1 |i 4367138 |o 515.7 CHE 1979 |p 4367138 |r 2025-01-07 |w 2019-11-20 |y BK |k MAT | ||